Religion Quiz

Random Religion or Church Quiz

Early Church History Review Quiz Stats

 Plays Quiz not verified by Sporcle

Support Sporcle.
Go Orange.
Score 0/25 Timer 05:00
0 Plays Today
Question Answer % Correct
First leader of the church and first popePeter
84.9%
Who denied ever knowing Jesus?Peter
84.9%
Peter meansrock
81.1%
Christianity was considered a movement withinJudaism
75.5%
Which apostle was at the crucifixion?John
73.6%
The Acts of the Apostle is a sequel to _____'s GospelLuke
71.7%
The supreme council of the JewsSanhedrin
69.8%
Who betrayed Jesus?Judas
69.8%
What is called the birthday of the Church?Pentecost
69.8%
3,000 people were baptized on what holiday?Pentecost
69.8%
Religious group at time of Jesus; means separated onesPharisees
67.9%
Saint Peter is also known asSimon
58.5%
Stephen was put to death bystoning
56.6%
Question Answer % Correct
Movement of Christianity was called 'TheWay
52.8%
Very strict religious group of temple priests at time of Jesus who only followed the TorahSadducees
52.8%
Jewish people believed the coming Messiah would be a ________ leader who would rescue them from Roman oppressionmilitary
47.2%
Messiah meansAnointed One
43.4%
Jewish theologians of Jesus' time; often PhariseesScribes
43.4%
a deacon; was the first martyrSt. Stephen
41.5%
Eucharist meansthanksgiving
39.6%
The high priest of the SanhedrinCaiaphas
37.7%
Pharisee who said if Jesus was the Messiah that killing Peter and Paul would not help the SanhedrinGamaliel
24.5%
The 12 tribes of Israel are represented by the 12 apostles
20.8%
Role of a deacon (meaning of the word)to minister
18.9%
The Messiah was a ____, _____, _____, & ____teacher, healer, servant, & redeemer
5.7%

You're not logged in!

Compare scores with friends on all Sporcle quizzes.
OR
Log In

From the Vault

Where in the World Is Harry Potter!?

by peoplesmm

Harry Potter sure spent a lot of time in some strange places.
Remove Ads.
Support Sporcle.
Get the best of Sporcle when you Go Orange. This ad-free experience offers more features, more stats, and more fun while also helping to support Sporcle. Thank you for becoming a member.

Show Comments

Extras

Created Feb 22, 2011ReportNominate
Tags:Church Quiz, Early, Review

Top Quizzes Today


Score Distribution

Your Account Isn't Verified!

In order to create a playlist on Sporcle, you need to verify the email address you used during registration. Go to your Sporcle Settings to finish the process.

Report this User

Report this user for behavior that violates our Community Guidelines.

Details: